東海道本線の駅 - Statistics

General Stats
  • This quiz has been taken 40 times
    13 since last reset
  • The average score is 127 of 173
Answer Stats
都道府県 Answer % Correct
東京都 東京
100%
有楽町
100%
新橋
100%
浜松町
100%
田町
100%
高輪ゲートウェイ
100%
品川
100%
大井町
100%
大森
100%
蒲田
100%
神奈川県 川崎
100%
鶴見
100%
新子安
100%
東神奈川
100%
横浜
100%
東戸塚
100%
戸塚
100%
大船
100%
平塚
100%
大磯
100%
二宮
100%
国府津
100%
小田原
100%
真鶴
100%
湯河原
100%
静岡県 熱海
100%
函南
100%
三島
100%
沼津
100%
富士
100%
清水
100%
静岡
100%
掛川
100%
浜松
100%
※支線 西大井
92%
保土ケ谷
92%
藤沢
92%
辻堂
92%
茅ケ崎
92%
鴨宮
92%
※支線 新川崎
92%
東静岡
92%
焼津
92%
袋井
92%
岡崎
92%
三河安城
92%
名古屋
92%
岐阜県 岐阜
92%
米原
92%
彦根
92%
草津
92%
京都
92%
新大阪
92%
大阪
92%
兵庫県 尼崎
92%
神戸
92%
早川
85%
根府川
85%
片浜
85%
東田子の浦
85%
西焼津
85%
磐田
85%
豊橋
85%
安城
85%
刈谷
85%
大府
85%
金山
85%
尾張一宮
85%
西岐阜
85%
大垣
85%
関ケ原
85%
近江八幡
85%
大津
85%
高槻
85%
三ノ宮
85%
※支線 武蔵小杉
77%
※支線 羽沢横浜国大
77%
77%
新蒲原
77%
蒲原
77%
由比
77%
草薙
77%
藤枝
77%
島田
77%
菊川
77%
新所原
77%
蒲郡
77%
尾頭橋
77%
清洲
77%
※支線 美濃赤坂
77%
野洲
77%
守山
77%
京都府 山科
77%
茨木
77%
西宮
77%
安倍川
69%
金谷
69%
弁天島
69%
三河三谷
69%
幸田
69%
西岡崎
69%
枇杷島
69%
稲沢
69%
穂積
69%
垂井
69%
南草津
69%
吹田
69%
甲子園口
69%
芦屋
69%
元町
69%
富士川
62%
興津
62%
用宗
62%
御厨
62%
天竜川
62%
舞坂
62%
鷲津
62%
愛知県 二川
62%
三河塩津
62%
熱田
62%
木曽川
62%
近江長岡
62%
南彦根
62%
能登川
62%
栗東
62%
向日町
62%
長岡京
62%
山崎
62%
摂津富田
62%
東淀川
62%
JR総持寺
62%
吉原
54%
六合
54%
愛野
54%
高塚
54%
西小坂井
54%
愛知御津
54%
東刈谷
54%
共和
54%
安土
54%
膳所
54%
塚本
54%
54%
三河大塚
46%
三ケ根
46%
野田新町
46%
南大高
46%
大高
46%
笠寺
46%
醒ケ井
46%
篠原
46%
石山
46%
西大路
46%
桂川
46%
大阪府 島本
46%
六甲道
46%
豊田町
38%
新居町
38%
滋賀県 柏原
38%
河瀬
38%
稲枝
38%
瀬田
38%
さくら夙川
38%
住吉
38%
相見
31%
逢妻
31%
※支線 荒尾
31%
千里丘
31%
岸辺
31%
立花
31%
甲南山手
31%
摂津本山
23%
摩耶
23%
No matching quizzes found
Score Distribution
Percent of People with Each Score
Percentile by Number Answered
Your Score History
You have not taken this quiz since the last reset